[Géoéconomie-géopolitique 2015. Images économiques du monde]

Recenzia na publikáciu Géoéconomie-géopolitique, ktorá je výsledkom tímu výskumníkov pôsobiacich na prestížnych univerzitách, výskumných ústavoch či v konzultačnej praxi, ktorá vychádza najmä z databáz prestížnych medzinárodných organizácií (Svetová banka, MMF, WTO, UNCTAD, UNDP, FAO, ILO, a i.), v...

Descrizione completa

Salvato in:
Dettagli Bibliografici
Autore principale: Čiderová, Denisa, 1977-
Natura: Capitolo di libro
Lingua:slovacco
Soggetti:
Tags: Aggiungi Tag
Nessun Tag, puoi essere il primo ad aggiungerne!!

MARC

LEADER 00000naa a2200000 4500
001 0207423
005 20240502073440.8
041 0 |a slo 
044 |a SK 
245 1 0 |a [Géoéconomie-géopolitique 2015. Images économiques du monde]  |c Denisa Čiderová 
520 |a Recenzia na publikáciu Géoéconomie-géopolitique, ktorá je výsledkom tímu výskumníkov pôsobiacich na prestížnych univerzitách, výskumných ústavoch či v konzultačnej praxi, ktorá vychádza najmä z databáz prestížnych medzinárodných organizácií (Svetová banka, MMF, WTO, UNCTAD, UNDP, FAO, ILO, a i.), vyznačuje sa vysokou aktuálnosťou. Štruktúrovaná je do štyroch kapitol. 
610 2 0 |a recenzie 
610 2 0 |a vedy spoločenské 
610 2 0 |a geopolitika 
100 1 |a Čiderová, Denisa, 1977-